000 00887nam a22002417a 4500
001 38858
003 BD-RjUL
005 20211209052855.0
008 131109s1965 bg | |||| 000 d ben d
035 _a(BD-RjUL)38968
040 _aBD-RjUL
_bben
_cBD-RjUL
041 _aben
082 _223
_a842
_bMOP 1965
100 0 _aমলিয়ার
_9119859
245 0 0 _aপাঁচটি নাটক /
_cমলিয়ার ; অনুবাদ : শওকত ওসমান.
260 _aঢাকা :
_bবাংলা একাডেমী,
_c১৯৬৫
300 _a২৮১ পৃ. বিভিন্ন পৃষ্ঠার মধ্যে ;
_b
_c১৮ সেমি.
526 _bBengali.
650 _aFrench drama
_9119864
650 _aFrench drama
_xTranslations into Bengali
_9119865
700 _aওসমান, শওকত.
_9117532
942 _2ddc
_cBK
_01
999 _c38858
_d38858